Elektronický obchod - nástroj globalizácie bakalárska práca

Gespeichert in:
Bibliographische Detailangaben
1. Verfasser: Opáleková, Veronika
Körperschaft: Obchodná fakulta EU. Katedra informatiky obchodných firiem
Weitere Verfasser: Potisková, Ingrid
Format: Buch
Sprache:Slowakisch
Veröffentlicht: Bratislava 2010
Tags: Tag hinzufügen
Keine Tags, Fügen Sie das erste Tag hinzu!

MARC

LEADER 00000nam$a2200000$$$4500
001 0134608
005 20240320074058.2
041 0 |a slo 
044 |a SK 
245 1 0 |a Elektronický obchod - nástroj globalizácie  |b bakalárska práca  |c Veronika Opáleková ; školiteľ: Ingrid Potisková 
264 1 |a Bratislava  |c 2010 
300 |a 37 s. 
100 1 |a Opáleková, Veronika 
700 1 |a Potisková, Ingrid 
710 2 |a Obchodná fakulta EU. Katedra informatiky obchodných firiem